00305nam a22001337a 4500008004100000020001800041041000800059080001700067100000600084101000800090245004600098942001200144999001500156170310b xxu||||| |||| 00| 0 eng d a9781605470771 aeng 210 EDa616.5 a7 aSHM aSAUERS MANUAL OF SKIN DISEASEScHALL.B.J 2udccBK c7484d7484